[Event "Moscow op-B (Women) 13th"]
[Site "Moscow"]
[Date "2017.02.05"]
[Round "9"]
[White "Zaitseva, Lyudmila"]
[Black "Bondareva, Daria"]
[Result "1-0"]
[WhiteElo "1920"]
[BlackElo "1716"]
[PlyCount "69"]
[EventDate "2017.01.28"]
[EventType "swiss"]
[EventRounds "9"]
[EventCountry "RUS"]
[SourceTitle "EXT 2018"]
[Source "ChessBase"]
[SourceDate "2017.10.13"]
[SourceVersion "1"]
[SourceVersionDate "2017.10.13"]
[SourceQuality "1"]

1. d4 Nf6 2. Nf3 e6 3. Bf4 b6 4. e3 Bb7 5. Bd3 Be7 6. Nbd2 0-0 7. c3 d5 8. Ne5 Nbd7 9. Qf3 c5 10. Qh3 g6 11. Bh6 Re8 12. f4 Nxe5 13. fxe5 Nd7 14. Nf3 Qc8 15. 0-0 Ba6 16. Bxa6 Qxa6 17. Bg5 Bf8 18. Rf2 Rac8 19. Raf1 Rc7 20. Qh4 Qc8 21. h3 Nb8 22. Nh2 f5 23. exf6 Rf7 24. Ng4 Nc6 25. Qg3 Qd7 26. h4 e5 27. dxe5 Qe6 28. Bf4 Qf5 29. Bh6 Qh5 30. Bg7 Bxg7 31. fxg7 Nxe5 32. Rxf7 Qxg4 33. Qxg4 Nxg4 34. Rf8+ Kxg7 35. Rxe8 1-0

[Event "Voronezh op-B 20th"]
[Site "Voronezh"]
[Date "2016.06.14"]
[Round "3"]
[White "Zaika, Daniil"]
[Black "Zaitseva, Lyudmila"]
[Result "1/2-1/2"]
[WhiteElo "2068"]
[BlackElo "1875"]
[PlyCount "82"]
[EventDate "2016.06.12"]
[EventType "swiss"]
[EventRounds "9"]
[EventCountry "RUS"]
[SourceTitle "EXT 2017"]
[Source "ChessBase"]
[SourceDate "2016.10.25"]
[SourceVersion "1"]
[SourceVersionDate "2016.10.25"]
[SourceQuality "1"]

1. d4 Nf6 2. c4 d5 3. Nc3 e6 4. cxd5 exd5 5. Bg5 Be7 6. Qc2 c6 7. e3 0-0 8. Bd3 Nbd7 9. Nf3 Re8 10. 0-0 Ne4 11. Bxe7 Qxe7 12. b4 Ndf6 13. Rab1 Bf5 14. Na4 h6 15. Ne5 Bh7 16. f3 Nd6 17. Bxh7+ Nxh7 18. Rfe1 Nf8 19. Nc3 f6 20. Ng6 Nxg6 21. Qxg6 Nc4 22. b5 Nd2 23. Ra1 Qa3 24. Qc2 Nc4 25. e4 Qd6 26. Qb3 a5 27. bxa6 bxa6 28. exd5 cxd5 29. Qb7 Nb6 30. Rxe8+ Rxe8 31. Qxa6 Qb4 32. Qb5 Qxb5 33. Nxb5 Re2 34. Nc3 Re3 35. Rb1 Rxc3 36. Rxb6 Rc1+ 37. Kf2 Rc2+ 38. Kg3 Rc4 39. Ra6 Rxd4 40. a4 Kf7 41. Ra7+ Kg6 1/2-1/2

[Event "Voronezh op-B 20th"]
[Site "Voronezh"]
[Date "2016.06.12"]
[Round "1"]
[White "Filippov, Ilya"]
[Black "Zaitseva, Lyudmila"]
[Result "1-0"]
[WhiteElo "2156"]
[BlackElo "1875"]
[PlyCount "69"]
[EventDate "2016.06.12"]
[EventType "swiss"]
[EventRounds "9"]
[EventCountry "RUS"]
[SourceTitle "EXT 2017"]
[Source "ChessBase"]
[SourceDate "2016.10.25"]
[SourceVersion "1"]
[SourceVersionDate "2016.10.25"]
[SourceQuality "1"]

1. e4 e6 2. d4 d5 3. exd5 exd5 4. Bd3 Bd6 5. c3 Nf6 6. Bg5 0-0 7. Qc2 h6 8. Bh4 c6 9. Nd2 Nbd7 10. 0-0-0 b5 11. f3 a5 12. g4 Ba6 13. Bg3 Nb6 14. Bxd6 Qxd6 15. h4 b4 16. Ne2 bxc3 17. Nxc3 Rfc8 18. Bxa6 Rxa6 19. Qd3 Raa8 20. Rhg1 c5 21. dxc5 Rxc5 22. Kb1 Qc6 23. Nb3 Rc4 24. Nd4 Qb7 25. g5 hxg5 26. Rxg5 Rac8 27. Ncb5 Na4 28. Rg2 Nc3+ 29. bxc3 Rxc3 30. Qf5 Qb6 31. Rb2 Qc5 32. Nxc3 Qxc3 33. Qc2 Qxc2+ 34. Rxc2 Rxc2 35. Kxc2 1-0

[Event "Moscow Petrosian Memorial op"]
[Site "Moscow"]
[Date "2015.01.09"]
[Round "6"]
[White "Granovskaya, Ekaterina"]
[Black "Zaitseva, Lyudmila"]
[Result "1/2-1/2"]
[WhiteElo "1680"]
[BlackElo "1599"]
[PlyCount "62"]
[EventDate "2015.01.04"]
[EventType "swiss"]
[EventRounds "9"]
[EventCountry "RUS"]
[SourceTitle "CBM 164 Extra"]
[Source "ChessBase"]
[SourceDate "2015.03.02"]
[SourceVersion "1"]
[SourceVersionDate "2015.03.02"]
[SourceQuality "1"]

1. e4 c6 2. c4 e6 3. d4 d5 4. e5 Bb4+ 5. Nc3 Ne7 6. c5 b6 7. cxb6 Qxb6 8. a3 Bxc3+ 9. bxc3 Ba6 10. Ne2 Nd7 11. Be3 0-0 12. g3 Qa5 13. Qd2 c5 14. Bh3 Nc6 15. f4 f5 16. Kf2 Rac8 17. Rhc1 cxd4 18. Nxd4 Nc5 19. Nxc6 Ne4+ 20. Kg1 Rxc6 21. Qe1 Bb5 22. Bd4 Rfc8 23. a4 Bc4 24. Ra3 Qc7 25. Qe3 a6 26. a5 Nc5 27. Bf1 Bxf1 28. Kxf1 Qb7 29. Kg1 Qc7 30. Qe2 Qb7 31. Qd3 Qc7 1/2-1/2